Metodika odborného výcviku a práce s učební osnovou V učebních oborech obchodu a veřejného stravování
Enregistré dans:
| Auteur principal: | |
|---|---|
| Format: | Livre |
| Langue: | tchèque |
| Publié: |
Praha
Merkur
1986
|
| Édition: | 1. vyd. |
| Tags: |
Pas de tags, Soyez le premier à ajouter un tag!
|
MARC
| LEADER | 00000nam a2200000 4500 | ||
|---|---|---|---|
| 001 | c023420 | ||
| 005 | 20221207072314.5 | ||
| 041 | 0 | |a cze | |
| 044 | |a CZ | ||
| 245 | 1 | 0 | |a Metodika odborného výcviku a práce s učební osnovou |b V učebních oborech obchodu a veřejného stravování |c Marta Svátková |
| 250 | |a 1. vyd. | ||
| 264 | 1 | |a Praha |b Merkur |c 1986 | |
| 300 | |a 49 s. | ||
| 100 | 1 | |a Svátková, Marta | |